Salvadoreños encarcelados piden indulto /
Trata de dos revolucionarios salvadoreños encarcelados en Costa Rica por un fallido intento de secuestro, quienes buscan su libertad tras recomendaciones de la Comisión Internacional de Verificación y Seguimiento y Organizacion Centroamericanas de Derechos Humanos. SM/EL
Сохранить в:
| Главный автор: | |
|---|---|
| Формат: | Текст |
| Предметы: | |
| Метки: |
Добавить метку
Нет меток, Требуется 1-ая метка записи!
|
MARC
| LEADER | 00000 a a2200000 04500 | ||
|---|---|---|---|
| 001 | 1343 | ||
| 003 | |||
| 040 | |||
| 100 | |a Shallat, Lezak | ||
| 245 | |a Salvadoreños encarcelados piden indulto / |c Lezak Shallat | ||
| 520 | |a Trata de dos revolucionarios salvadoreños encarcelados en Costa Rica por un fallido intento de secuestro, quienes buscan su libertad tras recomendaciones de la Comisión Internacional de Verificación y Seguimiento y Organizacion Centroamericanas de Derechos Humanos. SM/EL | ||
| 650 | |a PRISIONEROS | ||
| 650 | |a LIBERTAD | ||
| 650 | |a PROCESOS DE PAZ | ||
| 650 | |a DERECHOS HUMANOS | ||
| 773 | |g número 45; páginas 23-24 | ||
| 999 | |c 30450 |d 30450 | ||
